书目信息 |
| 题名: |
Python 3.5从零开始学
|
|
| 作者: | 刘宇宙 编著 | |
| 分册: | ||
| 出版信息: | 北京 清华大学出版社 2017.08 |
|
| 页数: | 376页 | |
| 开本: | 26cm | |
| 丛书名: | ||
| 单 册: | ||
| 中图分类: | TP311.561 | |
| 科图分类: | ||
| 主题词: | 软件工具--ruan jian gong ju--程序设计 | |
| 电子资源: | ||
| ISBN: | 978-7-302-47596-5 | |
| 000 | 00906nam0 2200229 450 | |
| 001 | 1016291 | |
| 005 | 20190619090424.91 | |
| 010 | @a978-7-302-47596-5@dCNY59.00 | |
| 098 | @a1016291 | |
| 100 | @a20171025d2017 em y0chiy50 ea | |
| 101 | 0 | @achi |
| 102 | @aCN@b110000 | |
| 105 | @aak z 000yy | |
| 200 | 1 | @aPython 3.5从零开始学@APython 3.5 cong ling kai shi xue@f刘宇宙编著 |
| 210 | @a北京@c清华大学出版社@d2017.08 | |
| 215 | @a376页@c图@d26cm | |
| 330 | @a本书专门针对Python新手量身定做,涵盖了Python 3 实际开发的重要知识点,内容包括:Python语言的类型和对象、操作符和表达式、编程结构和控制流、函数、序列、多线程、正则表达式、面向对象编程、文件操作、网络编程、邮件收发、数据库操作等,提供Python爬虫等。 | |
| 606 | 0 | @a软件工具@Aruan jian gong ju@x程序设计 |
| 690 | @aTP311.561@v5 | |
| 701 | 0 | @a刘宇宙@Aliu yu zhou@4编著 |
| 801 | 0 | @aCN@c20171025 |
| 905 | @a河南城建学院图书馆@dTP311.561@eL719@f2 | |
| Python 3.5从零开始学/刘宇宙编著.-北京:清华大学出版社,2017.08 |
| 376页:图;26cm |
| ISBN 978-7-302-47596-5:CNY59.00 |
| 本书专门针对Python新手量身定做,涵盖了Python 3 实际开发的重要知识点,内容包括:Python语言的类型和对象、操作符和表达式、编程结构和控制流、函数、序列、多线程、正则表达式、面向对象编程、文件操作、网络编程、邮件收发、数据库操作等,提供Python爬虫等。 |
| ● |
| 相关链接 |
|
|
|
正题名:Python 3.5从零开始学
索取号:TP311.561/L719
 
预约/预借
| 序号 | 登录号 | 条形码 | 馆藏地/架位号 | 状态 | 备注 |
| 1 | 1344670 | 213446706 | 自科库301/301自科库 51排2列3层/ [索取号:TP311.561/L719] | 在馆 | |
| 2 | 1344671 | 213446715 | 自科库301/301自科库 51排2列3层/ [索取号:TP311.561/L719] | 在馆 | |
| 3 | 1353172 | 213531720 | 自科库301/301自科库 51排2列3层/ [索取号:TP311.561/L719] | 在馆 |